Statistiques concernant Chefs-Lieux des Cantons Suisses

Cliquez ici pour prendre le quiz!

Statistiques générales

  • Ce quiz a été pris 4 335 fois
  • Le résultat moyen est 14 sur 26

Réponses sur la Carte

Les réponses sont colorées sur une échelle allant du rouge au vert en fonction du pourcentage des utilisateurs qui les ont devinées à leur premier essai. Vous pouvez retrouver ces pourcentages ci-dessous.
 

Statistiques - réponses

CantonChef-Lieu% Correct
GenfGenève
98%
BernBerne
96%
ZürichZurich
95%
WaadtLausanne
90%
Basel-StadtBâle
87%
NeuenburgNeuchâtel
77%
FreiburgFribourg
71%
LuzernLucerne
68%
WallisSion
67%
St. GallenSaint-Gall
62%
ZugZoug
50%
SolothurnSoleure
49%
JuraDelémont
48%
GraubündenCoire
47%
TessinBellinzone
46%
SchaffhausenSchaffhouse
44%
Appenzell-InnerrhodenAppenzell
43%
AargauAarau
42%
SchwyzSchwytz
41%
GlarusGlaris
38%
Basel-LandschaftLiestal
29%
ThurgauFrauenfeld
27%
UriAltdorf
26%
Appenzell-AusserrhodenHerisau
22%
NidwaldenStans
22%
ObwaldenSarnen
20%

Distribution des résultats

Percentile par nombre de réponses

% des personnes avec chaque résultat

Votre développement - résultats

Vous n’avez pas pris ce quiz